000 00331nam a22001577a 4500
020 _a978-0-3-367-20075-6
041 _aENG
100 _aTwidell.J
245 _aEenewable Energy Resoures
250 _a3 Edition
260 _aLondon
_bRoutledge
_c2019
300 _a784
650 _aEOES
700 _a Weir.T
856 _uEOES
999 _c67
_d67